<?xml version="1.0" encoding="UTF-8"?><?xml-stylesheet type="text/xsl" href="static/style.xsl"?><OAI-PMH xmlns="http://www.openarchives.org/OAI/2.0/" xmlns:xsi="http://www.w3.org/2001/XMLSchema-instance" xsi:schemaLocation="http://www.openarchives.org/OAI/2.0/ http://www.openarchives.org/OAI/2.0/OAI-PMH.xsd"><responseDate>2026-04-19T06:33:24Z</responseDate><request verb="GetRecord" identifier="oai:riubu.ubu.es:10259/6974" metadataPrefix="marc">https://riubu.ubu.es/oai/request</request><GetRecord><record><header><identifier>oai:riubu.ubu.es:10259/6974</identifier><datestamp>2024-05-17T09:55:17Z</datestamp><setSpec>com_10259_4204</setSpec><setSpec>com_10259_5086</setSpec><setSpec>com_10259_2604</setSpec><setSpec>com_10259.4_104</setSpec><setSpec>col_10259_4205</setSpec><setSpec>col_10259_6848</setSpec></header><metadata><record xmlns="http://www.loc.gov/MARC21/slim" xmlns:doc="http://www.lyncode.com/xoai" xmlns:xsi="http://www.w3.org/2001/XMLSchema-instance" xmlns:dcterms="http://purl.org/dc/terms/" xsi:schemaLocation="http://www.loc.gov/MARC21/slim http://www.loc.gov/standards/marcxml/schema/MARC21slim.xsd">
<leader>00925njm 22002777a 4500</leader>
<datafield tag="042" ind1=" " ind2=" ">
<subfield code="a">dc</subfield>
</datafield>
<datafield tag="720" ind1=" " ind2=" ">
<subfield code="a">Gonzalo Orden, Hernán</subfield>
<subfield code="e">author</subfield>
</datafield>
<datafield tag="720" ind1=" " ind2=" ">
<subfield code="a">Zaragoza Ramírez, Aniceto</subfield>
<subfield code="e">author</subfield>
</datafield>
<datafield tag="720" ind1=" " ind2=" ">
<subfield code="a">Papí Ferrando, José Francisco</subfield>
<subfield code="e">author</subfield>
</datafield>
<datafield tag="260" ind1=" " ind2=" ">
<subfield code="c">2021-07</subfield>
</datafield>
<datafield tag="520" ind1=" " ind2=" ">
<subfield code="a">Mobility has been massively disrupted by new-generation telecoms and mobile apps, which&#xd;
allow an optimised utilisation of both transport means and infrastructures. When it comes to&#xd;
this kind of mobility, transport authorities and ‘traditional’ transport planning can only do&#xd;
little. Citizens step in and fill in the gaps at neighbourhood level by co-creating mobility&#xd;
solutions, as they already own or have at their disposal enough assets to work with: private&#xd;
and commercial vehicles, tracking and geo-location capabilities, smart communication&#xd;
devices, a transportation infrastructure grid and so on.&#xd;
Without additional investment in physical assets for marginal uses of the infrastructure, and&#xd;
without adding more vehicles to the streets, it becomes possible to ‘kick start’ a new mobility&#xd;
‘metabolism’ through collaborative solutions that concatenate several ‘sharing’ approaches:&#xd;
car-pooling, car-sharing, crowd-parking, bike-sharing, cargo-pooling, data-sharing.&#xd;
In sum, crowd-sourcing and shared-economy ideas are turbo-charged by new technologies.&#xd;
Such technologies can bridge social capital and citizen power with the valuable aspects of&#xd;
free market economics. In addition, crowd-sourcing mobility solutions seem to make&#xd;
economic sense and bring democratic thinking and environmental conscience. But are they&#xd;
financially sustainable?</subfield>
</datafield>
<datafield tag="024" ind2=" " ind1="8">
<subfield code="a">978-84-18465-12-3</subfield>
</datafield>
<datafield tag="024" ind2=" " ind1="8">
<subfield code="a">http://hdl.handle.net/10259/6974</subfield>
</datafield>
<datafield tag="024" ind2=" " ind1="8">
<subfield code="a">10.36443/10259/6974</subfield>
</datafield>
<datafield ind1=" " ind2=" " tag="653">
<subfield code="a">Formas de movilidad</subfield>
</datafield>
<datafield ind1=" " ind2=" " tag="653">
<subfield code="a">Movilidad sostenible</subfield>
</datafield>
<datafield ind1=" " ind2=" " tag="653">
<subfield code="a">Means of mobility</subfield>
</datafield>
<datafield ind1=" " ind2=" " tag="653">
<subfield code="a">Sustainable mobility</subfield>
</datafield>
<datafield tag="245" ind1="0" ind2="0">
<subfield code="a">Collaborative mobility: Common features in a new generation of mobility business models</subfield>
</datafield>
</record></metadata></record></GetRecord></OAI-PMH>